Disney Animated Quotes - Statistics

General Stats
  • This quiz has been taken 2,440 times
  • The average score is 6 of 25
Answer Stats
Hint Answer % Correct
I can't believe it. I'm losing to a rug! Aladdin
78%
Papa, do you think I'm odd? Beauty and the Beast
63%
A pox upon the phony king of England! Robin Hood
57%
This looks like a good spot to rustle up some grub. The Lion King
54%
That's not a flower! Bambi
49%
I dunno. He looks kinda hairy and slobbery to me. The Little Mermaid
39%
By the way, great mask. The Hunchback of Notre Dame
30%
What? I bought them....most of them! Tangled
27%
Want to know a secret? Promise not to tell? Snow White
26%
His eyes were intense and focused and...I've never seen such eyes. Tarzan
22%
Even he orders me around! Cinderella
21%
There goes my ulcer! Hercules
19%
Pawpaw? Ha! Of all the silly gibberish. The Jungle Book
19%
Hey, man. If this is torture, chain me to the wall! Oliver and Company
18%
Oh, they're hopeless. A disgrace to the forces of evil. Sleeping Beauty
17%
We're gonna die! We're gonna die! No way we survive this! Death is coming! Mulan
15%
And he came so highly recommended... Pocahontas
15%
You're the criminal mastermind, not me! The Emperor's New Groove
9%
You merely slip the ring over the limb like this, and haul it off. Lady and the Tramp
8%
Man will fly, all right. Just like a rock! The Sword in the Stone
8%
My radiator! The Fox and the Hound
7%
Oh! My good pillows! The Great Mouse Detective
6%
I didn't make it all the way through third grade for nothing. The Rescuers Down Under
4%
Oh, the shame of it! Dumbo
3%
I didn't have time to sculpt everything. Meet the Robinsons
3%
No matching quizzes found
Score Distribution
Percent of People with Each Score
Percentile by Number Answered
Your Score History
You have not taken this quiz